[Event "Girona-ch "]
[Site "Girona"]
[Date "2017.11.05"]
[Round "5"]
[White "Marques Reig, Daniel"]
[Black "Lazaro Pujol, Abel"]
[Result "0-1"]
[WhiteElo "1744"]
[BlackElo "1928"]
[PlyCount "50"]
[EventDate "2017.10.08"]
[EventType "swiss"]
[EventRounds "9"]
[EventCountry "ESP"]
[SourceTitle "CBM 181 Extra"]
[Source "ChessBase"]
[SourceDate "2017.12.12"]
[SourceVersion "1"]
[SourceVersionDate "2017.12.12"]
[SourceQuality "1"]

1. g3 d5 2. Bg2 c5 3. c4 e6 4. d3 Nf6 5. Bg5 Be7 6. Nd2 Nc6 7. a3 0-0 8. Nh3 h6 9. Bxf6 Bxf6 10. Rb1 a6 11. cxd5 exd5 12. Nf4 Re8 13. Nxd5 Bg4 14. Nxf6+ Qxf6 15. f3 Bf5 16. 0-0 Rad8 17. Rf2 Qd4 18. Nb3 Qe3 19. Qc1 c4 20. Qxc4 Be6 21. Qc3 Bxb3 22. Qxb3 Nd4 23. Qxb7 Nxe2+ 24. Kf1 Qxd3 25. Bh3 Qxb1+ 0-1